| 000 | 00597nam a2200193 a 4500 | ||
|---|---|---|---|
| 005 | 20210223123726.0 | ||
| 008 | 991125s1974 es 000 0 spa u | ||
| 020 | _a8432202592 | ||
| 035 | _aUPN01000058808 | ||
| 049 | _aCG | ||
| 050 | 4 |
_aPQ7389 C24 _bV5.3 |
|
| 100 | 1 |
_aCabrera Infante, Guillermo, _d1929-2005 _936198 |
|
| 245 | 1 | 0 |
_aVista del amanecer en el trĂ³pico / _cG. Cabrera Infante. |
| 260 |
_aBarcelona, Esp. : _bSeix Barral, _c1974. |
||
| 300 | _a240 p.358 | ||
| 440 | 0 |
_aBiblioteca breve Seix Barral ; _v358. _pRelatos |
|
| 651 | 4 |
_aCUBA - _xHISTORIA - _vNOVELA _912168 |
|
| 905 | _aLibro | ||
| 999 |
_c58808 _d58808 |
||